Statistics for Carrot Top Filmography

Click here to take the quiz!

General Stats

  • This quiz has been taken 2 times
  • The average score is 5 of 63

Answer Stats

TypeYearName% Correct
TV Show2006, 2017Family Guy
100%
TV Show2005George Lopez
50%
Film2003Pauly Shore Is Dead
50%
TV Show2016Robot Chicken
50%
TV Show2001Scrubs
50%
TV Film2016Sharknado: The 4th Awakens
50%
TV Show1996Space Ghost Coast to Coast
50%
Film2009The Hangover
50%
Commercial2001, 2002, 20031-800-COLLECT
0%
TV Show1990America's Funniest People
0%
TV Show1992An Evening at the Improv
0%
TV Show2010CA$H CAB
0%
Podcast2022Carrot Top from the Luxor Casino and Resort
0%
Stand-Up Special2003Carrot Top Rocks Las Vegas
0%
Film1998Chairman of the Board
0%
TV Special2007Comedy Central Roast of Flavor Flav
0%
TV Show2003ComiXspotlight
0%
TV Show2017Creature
0%
Music Video2015Creature at the Bates Motel
0%
TV Show2006-2009Crisis Angel Mindfreak
0%
TV Show2011CSI: Crime Scene Investigation
0%
TV Show2010Cubed
0%
Music Video1999Dancin' with a Man
0%
Film1998Dennis the Menace Strikes Again!
0%
FilmTBADon't Suck
0%
Commercial2000ESPN SportsCenter
0%
TV Show2007Gene Simmons Family Jewels
0%
TV Show2015Glee
0%
TV Show2016Hitting the Breaks
0%
TV Show2010Holly's World
0%
TV Show2002-2004Hollywood Squares
0%
Film1995Hourglass
0%
Documentary2010I Am Comic
0%
Short Film2020It's a Beautiful Game
0%
TV Special2007Larry the Cable Guy's Christmas Spectacular
0%
TV Show2004, 2007Last Comic Standing
0%
TV Show2005MADtv
0%
TV Show2017Nightcap
0%
Documentary2005Now That's Funny
0%
TV Show2000N.Y.U.K.
0%
TV Show2016, 2018, 2022Penn & Teller: Fool Us
0%
Film1996Pure Danger
0%
Music Video2011Red Solo Cup
0%
TV Show2006Reno 911!
0%
Film2007Smiley Face
0%
Film1993So I Married an Axe Murderer
0%
TV Special1993Spaced Out!
0%
TV Show2009Super Dave's Spike Tacular
0%
Film2014Swearnet: The Movie
0%
TV Show2017The Apprentice
0%
Documentary2005The Aristocrats
0%
TV Show2009The Bad Girls Club
0%
Podcast2022The Big Bad Broadcast
0%
Film2007The Bros.
0%
TV Show2009The Game
0%
TV Show2008The Girls Next Door
0%
TV Show2016The Jim Gaffigan Show
0%
TV Show1997The Larry Sanders Show
0%
TV Show2014The Neighbors
0%
TV Show2014The Soup
0%
TV Show2010Tosh.0
0%
Film2005Tugger: The Jeep 4x4 Who Wanted to Fly
0%
TV Show2002Weakest Link
0%

Score Distribution

Percentile by Number Answered

Percent of People with Each Score

Your Score History

You have not taken this quiz